Estadísticas para Las 10 provincias más ricas per cápita de España

Haz click aquí para intentar la prueba.

Estadísticas generales

  • Esta prueba ha sido intentada 153 veces
  • La puntuación promedio es 8 de 10

Estadísticas de respuestas

PIB per cápita (Euros)InicialProvincia% Correcto
28.865 MMadrid
97%
26.407 BBarcelona
96%
31.894 ÁÁlava
91%
27.663 NNavarra
88%
25.469 TTarragona
82%
30.226 GGuipúzcoa
80%
26.226 LLleida
76%
25.955 TTeruel
76%
28.780 VVizcaya
76%
26.639 BBurgos
66%

Distribución de puntuación

Porcentaje por número respondido

Porcentaje de gente con cada puntuación

Historial de tus puntuaciones

No has intentado esta prueba.